Statistics for VeggieTales Theme Song Lyrics

Click here to take the quiz!

General Stats

  • This quiz has been taken 25 times
  • The average score is 92 of 96

Answer Stats

Answer% Correct
a
100%
a
100%
a
100%
a
100%
can
100%
If
100%
If
100%
If
100%
like
100%
like
100%
like
100%
like
100%
make
100%
smile
100%
squash
100%
talk
100%
to
100%
to
100%
to
100%
tomatoes
100%
you
100%
you
100%
you
100%
you
100%
an
95%
and
95%
and
95%
be
95%
Broccoli
95%
Celery
95%
down
95%
ever
95%
ever
95%
ever
95%
ever
95%
ever
95%
ever
95%
ever
95%
ever
95%
for
95%
for
95%
got
95%
Gotta
95%
Half
95%
Have
95%
hour
95%
isle
95%
Its
95%
never
95%
never
95%
potatoes
95%
produce
95%
show
95%
show
95%
show
95%
sour
95%
Sweet
95%
Tales
95%
Tales
95%
Tales
95%
Tales
95%
Tales
95%
Tales
95%
Tales
95%
Tales
95%
the
95%
Theres
95%
Theres
95%
time
95%
Up
95%
Veggie
95%
Veggie
95%
Veggie
95%
Veggie
95%
Veggie
95%
Veggie
95%
Veggie
95%
Veggie
95%
VeggieTales
95%
VeggieTales
95%
VeggieTales
95%
VeggieTales
95%
VeggieTales
95%
VeggieTales
95%
waltz
95%
we
95%
with
95%
been
90%
been
90%
Cauliflower
86%
beans
81%
Collard
81%
greens
81%
keen
81%
Lima
81%
Peachy
81%

Score Distribution

Percentile by Number Answered

Percent of People with Each Score

Your Score History

You have not taken this quiz